Jan Troells långfilmer - Statistics

General Stats
  • This quiz has been taken 3 times
  • The average score is 8 of 18
Answer Stats
År Film % Correct
1872 Nybyggarna
100%
1971 Utvandrarna
100%
2008 Maria Larssons eviga ögonblick
67%
1977 Bang!
33%
2012 Dom över död man
33%
1997 En frusen dröm
33%
2007 Färgklang
33%
1996 Hamsun
33%
1966 Här är ditt liv
33%
1991 Il capitano
33%
1982 Ingenjör Andrées luftfärd
33%
2012 Kalla ingenting försent
33%
2003 Närvarande
33%
1968 Ole dole doff
33%
1979 Orkanen
33%
1974 Pionjärerna
33%
1988 Sagolandet
33%
2001 Så vit som en snö
33%
No matching quizzes found
Score Distribution
Percent of People with Each Score
Percentile by Number Answered
Your Score History
You have not taken this quiz